Quizzes
Events
Quiz Creation
Community
Videos
Private Events
Remove Ads
Sign In
Join for FREE
Feedback
Dark Mode
Quiz Categories
Sports
Geography
Music
Movies
Television
Just For Fun
Miscellaneous
History
Literature
Language
Science
Gaming
Entertainment
Religion
Holiday
For Kids
Quiz Lab
Recent
Popular Today
Quiz Kudos Today
Editor Picks
Curator Picks
Quizzes by...
Day
Popularity
Type
Ratings
Length
Year
Community
Subscriptions
Recent Discussions
Orange Saloon
Badges
Playlists
Quests
Create
Leaderboards
Showdown
Live 5
Trivia Bingo
Activity
Puzzle Library
Sporcle Events
Private Events
Virtual Trivia
Globe League
Become a Host
Pub Owners
SporcleCon
Opinionation
Our Games
Videos
Blog
Mobile Apps
Partnerships
Remove Ads and Go Orange
Feedback
Sports
Athletes
MLB
NBA
NHL
NFL
Soccer
Sports Teams
WWE
NCAA
Football
Premier League
Basketball
Baseball
Hockey
Golf
Tennis
Cricket
Rugby
Auto Racing
Olympics
World Cup
Sports
Athletes
MLB
NBA
NHL
NFL
Soccer
Sports Teams
WWE
NCAA
Football
Premier League
Basketball
Baseball
Hockey
Golf
Tennis
Cricket
Rugby
Auto Racing
Olympics
World Cup
Random Quiz
Search Sporcle
×
Quiz Lab
Quiz Lab
Sports
FC Porto
Type in answers that appear in a list
Type in answers that appear in a list
Classic
Best Score? Go Orange.
FC Porto players 2004-now Stats
Can you name the FC Porto players from the 2003/04 season until now?
By
Sergio
20m
243 Questions
2,561 Plays
2,561 Plays
2,561 Plays
Comments
Comments
Give Quiz Kudos
Give Quiz Kudos
-
- Ratings
hide this ad
Replay
Link that replays current quiz
Next Quiz
Link to next quiz in quiz playlist
You Got
0%
They Got
Avg Score
42%
Avg Friend Score
Upgrade to see
Score Distribution
Jump to the score distribution portion of the page
Score
0/243
Timer
20:00
0
Plays Today
Season of Debut
Player
% Correct
2015/
16
Danilo Pereira
91.7%
2016/
17
José Sá
91.7%
1988/
99
Vítor Baía
91.5%
1998/
99
Deco
90.9%
1992/
93
Jorge Costa
90.4%
2013/
14
Ricardo Pereira
90.1%
2017/
18
Bruno Costa
89.4%
2009/
10
Falcao
88.3%
2008/
09
Hulk
88.2%
2010/
11
James Rodríguez
87.5%
2019/
20
Fábio Silva
87.4%
2019/
20
Vitinha
86.9%
2015/
16
Maxi Pereira
86.8%
2009/
10
Orlando Sá
86.3%
2005/
06
Helton
86.3%
2005/
06
Lucho González
85.4%
2015/
16
Iker Casillas
85%
1998/
99
Ricardo Carvalho
84.7%
2002/
03
Paulo Ferreira
84.1%
2015/
16
André Silva
83.7%
2004/
05
Pepe
83.7%
2010/
11
João Moutinho
83.7%
2012/
13
Abdoulaye Ba
83.6%
2001/
02
Ricardo Costa
83.3%
2004/
05
Ricardo Quaresma
82.5%
2020/
21
Toni Martínez
82.2%
2012/
13
Jackson Martínez
82.1%
2011/
12
Danilo
81.8%
2002/
03
Maniche
81.7%
2008/
09
Tomás Costa
81.6%
2009/
10
Álvaro Pereira
81.5%
2015/
16
Moussa Marega
80.8%
2005/
06
Lisandro López
80.7%
2017/
18
André Pereira
80.1%
2008/
09
Fernando
79.6%
2001/
02
Costinha
79.2%
2008/
09
Cristián Rodríguez
78.9%
2014/
15
Adrián López
78.5%
2002/
03
Marco Ferreira
78.5%
2005/
06
Bruno Alves
78.4%
2014/
15
Iván Marcano
78%
2016/
17
Alex Telles
77.1%
2020/
21
Mehdi Taremi
77.1%
2009/
10
Silvestre Varela
76.9%
2014/
15
Vincent Aboubakar
76.7%
2002/
03
Derlei
76.7%
2014/
15
Yacine Brahimi
76.5%
2015/
16
Jesús Corona
76.3%
2019/
20
Luis Díaz
76.1%
2020/
21
Francisco Conceição
75.5%
2002/
03
Nuno Valente
75.1%
2020/
21
Zaidu Sanusi
75%
2014/
15
Óliver Torres
74.9%
2019/
20
Fábio Vieira
74.8%
2019/
20
Agustín Marchesín
74.6%
2013/
14
Héctor Herrera
74.4%
2017/
18
Vaná
74.2%
2010/
11
Nicolás Otamendi
74%
2004/
05
Luís Fabiano
73.6%
2012/
13
Fabiano
73.5%
2019/
20
Matheus Uribe
72.5%
2004/
05
Raúl Meireles
71.9%
2009/
10
Maicon
71.8%
2011/
12
Alex Sandro
71.6%
2008/
09
Freddy Guarín
71.2%
2003/
04
Bruno Vale
71%
2016/
17
Otávio
71%
2016/
17
Tiquinho Soares
70.9%
2001/
02
Mário Silva
70.7%
2002/
03
Nuno
70.5%
2006/
07
Jorge Fucile
70%
2007/
08
Mariano González
70%
2001/
02
Benni McCarthy
69.9%
2001/
02
Hélder Postiga
69.1%
2003/
04
Carlos Alberto
69%
2015/
16
André André
68.5%
2016/
17
Felipe
68.3%
2018/
19
Wilson Manafá
68.2%
2000/
01
Dmitri Alenitchev
67.7%
2003/
04
José Bosingwa
67.7%
2011/
12
Eliaquim Mangala
67.5%
Season of Debut
Player
% Correct
2019/
20
João Mário
67.3%
2019/
20
Zé Luís
67.3%
2008/
09
Rolando
66.7%
2008/
09
Cristian Sapunaru
64.9%
2004/
05
Diego
64.1%
2020/
21
Evanilson
63.8%
2018/
19
Éder Militão
62.8%
2002/
03
Pedro Emanuel
62.7%
2014/
15
Rúben Neves
62.7%
2018/
19
Chancel Mbemba
62.7%
2003/
04
Pedro Mendes
62.4%
2006/
07
Diogo Valente
62.4%
1996/
97
Sérgio Conceição
61.8%
2018/
19
Diogo Leite
60.5%
2009/
10
Fernando Belluschi
60.2%
2012/
13
Kelvin
59.7%
2014/
15
Casemiro
59.1%
2019/
20
Shoya Nakajima
58.8%
2014/
15
Cristian Tello
58.7%
2007/
08
Rui Pedro
58.5%
2015/
16
Miguel Layún
58.4%
2009/
10
Alex
58.1%
2020/
21
Marko Grujić
57.5%
2015/
16
Ismael Díaz
57.3%
2018/
19
João Pedro
57.1%
2009/
10
Sérgio Oliveira
56.9%
2013/
14
Diego Reyes
56.7%
2011/
12
Steven Defour
56.5%
2011/
12
Kléber
56.4%
2012/
13
Liedson
56.4%
1993/
94
Carlos Secretário
56.2%
2016/
17
Rui Pedro
56.1%
2005/
06
Paulo Assunção
55.8%
2018/
19
Jorge
55.6%
2006/
07
João Paulo
55.6%
2014/
15
Bruno Martins Indi
55.5%
2005/
06
Anderson
55.1%
2019/
20
Romário Baró
54.9%
2020/
21
Felipe Anderson
54.9%
2007/
08
Castro
54.3%
2002/
03
Edgaras Jankauskas
54.2%
2016/
17
Inácio
54%
2018/
19
Fernando Andrade
53.6%
2003/
04
Hugo Almeida
53.4%
2007/
08
Ernesto Farías
53.4%
2009/
10
Beto
53.4%
2013/
14
Licá
53.3%
2011/
12
Marc Janko
52.7%
2009/
10
Miguel Lopes
50.5%
2017/
18
Jorge Fernandes
49.8%
2010/
11
Walter
49.4%
2017/
18
Diogo Dalot
48.6%
2008/
09
Josué
48.2%
2004/
05
Giourkas Seitaridis
48.1%
2013/
14
Juan Quintero
48%
2002/
03
Tiago
48%
2012/
13
Christian Atsu
48%
2012/
13
Marat Izmaylov
48%
2011/
12
Juan Iturbe
47.8%
2008/
09
Aly Cissokho
47.7%
2003/
04
Ricardo Fernandes
47.5%
2005/
06
Adriano
47.4%
2005/
06
Marek Cech
47.3%
2010/
11
Souza
47.3%
2016/
17
Diogo Jota
46.9%
2006/
07
Tarik Sektioui
46.8%
2010/
11
Emídio Rafael
46.1%
2002/
03
César Peixoto
46.1%
2014/
15
Andrés Fernández
45.2%
2019/
20
Renzo Saravia
44.7%
2014/
15
José Ángel
44.2%
2004/
05
Léo Lima
44%
2009/
10
Ruben Micael
43.9%
2008/
09
Ivo Pinto
42.7%
2018/
19
Mamadou Loum
41.8%
2013/
14
Carlos Eduardo
41.7%
2006/
07
Vieirinha
41.4%
2007/
08
Leandro Lima
41.4%
2014/
15
Gonçalo Paciência
41.3%
2015/
16
Giannelli Imbula
41.2%
2004/
05
Ibson
41.1%
Season of Debut
Player
% Correct
2005/
06
Alan
40.6%
2017/
18
Wenderson Galeno
40.3%
2007/
08
Mario Bolatti
40.1%
2005/
06
Jorginho
40%
2010/
11
Ukra
39.9%
2004/
05
Leandro
39.7%
2014/
15
Ivo Rodrigues
39.7%
2005/
06
Hélder Barbosa
39.6%
2017/
18
Paulinho
39.4%
2016/
17
Laurent Depoitre
39.2%
2010/
11
Sereno
38.5%
2020/
21
Nanú
38.3%
2015/
16
Chidozie Awaziem
38%
2014/
15
José Campaña
38%
2007/
08
Milan Stepanov
37.9%
2003/
04
Maciel
37.8%
2011/
12
Kadu
37.5%
2011/
12
Rafael Bracalli
37.4%
2003/
04
Bruno Moraes
37.3%
2015/
16
Francisco Ramos
37%
2007/
08
Lino
37%
2017/
18
Majeed Waris
36.7%
2014/
15
Evandro
36.3%
2013/
14
Nabil Ghilas
36.3%
2010/
11
Pawel Kieszek
35.7%
2009/
10
Diego Valeri
35.6%
2011/
12
Djalma
35.2%
2005/
06
Tomislav Sokota
35.1%
2009/
10
Nuno André Coelho
35%
2014/
15
Hernâni
35%
2007/
08
Hugo Ventura
34.7%
2005/
06
Fatih Sonkaya
34.5%
2020/
21
Malang Sarr
34.3%
2006/
07
Lucas Mareque
33.8%
2015/
16
Suk Hyun-jun
33.8%
2015/
16
Alberto Bueno
33.6%
2009/
10
Sebastian Prediger
33.6%
2003/
04
Paulo Machado
33.5%
2012/
13
Tozé
33.4%
2004/
05
Ivanildo
33%
2015/
16
Pablo Osvaldo
32.5%
2004/
05
Cláudio Pitbull
32.5%
2005/
06
Paulo Ribeiro
32.4%
2008/
09
Nelson Benítez
32.3%
2004/
05
Miguel Areias
32.1%
2004/
05
Bruno Gama
31.7%
2008/
09
Diogo Viana
31.5%
2012/
13
Sebá
31.4%
2007/
08
Kazmierczak
31.2%
2009/
10
Dias
31.2%
2006/
07
Wason Rentería
31%
2018/
19
Marius
30.7%
2003/
04
Pedro Ribeiro
30.6%
2019/
20
Tomás Esteves
30.4%
2008/
09
Daniel Candeias
30.2%
2018/
19
Riechedly Bazoer
30.2%
2006/
07
Ezequias
29.7%
2007/
08
Rabiola
29.7%
2013/
14
Víctor García
29.5%
2008/
09
Andrés Madrid
29.3%
2016/
17
João Carlos Teixeira
29%
2009/
10
Yero
26.5%
2009/
10
David Addy
26.3%
2004/
05
Hugo Leal
25.8%
2013/
14
Mikel Agu
25.8%
2017/
18
Yordán Osorio
25.7%
2003/
04
Evaldo
24.7%
2016/
17
Fernando Fonseca
24.7%
2003/
04
André Vilas Boas
24.5%
2007/
08
Edgar
23.8%
2016/
17
Willy Boly
23.7%
2008/
09
Tengarrinha
23.2%
2004/
05
Leandro Bomfim
22.8%
2012/
13
Quiñónez
21.7%
2008/
09
Pelé
21.7%
2017/
18
Luizão
21.3%
2013/
14
Joris Kayembe
21.2%
2020/
21
Carraça
19.6%
2003/
04
Furtado
18.4%
2015/
16
Igor Lichnovsky
18.4%
2019/
20
Mouhamed Mbaye
11.4%
Quiz Playlist
Details
Report
Send in Message
Add To Playlist
Classic:
Type in answers that appear in a list
Last Updated: Aug 4, 2021
Quiz Scoreboard
CHALLENGE
Sign Up to Join the Scoreboard
Show All
Scores
Hide
Comments
May contain spoilers
Recently Published
Presidents Visiting Landmarks
by Hejman
History
7m
An Introduction to Baseball
by treessimontrees
Sports
5m
Movies - When Are They Set?
by FPL_Elf
Movies
5m
More to Explore
Quiz From the Vault
Featured Blog Post
Where Did the Easter Bunny Come From?
hide this ad
You Might Also Like...
Tags
2000s
debut
FC Porto
Player
porto
season
Today's Top Quizzes in Sports
Browse Sports
hide this ad
Top Contributed Quizzes in Sports
1
Les meilleurs buteurs des matchs entre le PSG et l’OM
2
2022 World Cup Stars
3
FIFA Club World Cup Champions
4
Les entraîneurs de l'OM et du PSG au 21e siècle
5
Name the Premier League winners with different clubs
6
La finale Lions - Afrique du Sud 2021
7
England Test cricketers to play under Nasser Hussain
8
5-to-1: UK Sports Teams
9
Les joueurs passés par le LOSC et le RC Lens
10
Criteria MLB: Left Handed Sluggers
Explore More
Trending Topics
Harry Potter
Disney
Anime
Kpop
NBA
Marvel
Crossword
NFL
WWE
Song
The Office
Soccer
Puzzle
Country
Pokémon
hide this ad
More By:
Sergio
Quiz
Plays
Rating
Category
Featured
Created
FC Porto players 2004-now
2,561
5.00
Sports
Dec 26, 2009
FC Porto Squad 2009/10
419
5.00
Sports
Oct 9, 2009
Portugal National Team most capped players
364
5.00
Sports
May 11, 2011
Trip Advisor's Top 25 Destinations in Europe in 2011
319
3.17
Geography
Nov 3, 2011
Trip Advisor's Top 25 Destinations in the USA in 2011
294
2.67
Geography
Nov 3, 2011
Go to Creator's Profile
Score Distribution
Quiz Creator Spotlight
Sergio
Follow
Send a Message
Quizzes Created
-
Created Quiz Play Count
-
More By This Creator
Popular Quizzes Today
1
Find the US States - No Outlines Minefield
2
Find the Countries of Europe - No Outlines Minefield
3
The Countries of the World
4
Popular People in 1961
5
Find the US States
6
US States
7
Risky Map Clicking: Biggest States A-Z
8
1-10 Letter E Words III
More Sports Quizzes
2019 Cricket World Cup Captains
Editor's Pick
Trending Quizzes
Risky Map Clicking: Least Populous States A-Z
1-10 Letter G Words
1-10 Letter F Words
One Thing in Common: United Kingdom
Risky Map Clicking: Next State Alphabetically
Recently Updated
Leaping Animals
pecheneg
Reality TV Shows (A-Z)
bhenderson79
Rickey Henderson's Hall of Fame Teammates
pecheneg
Champions League XIs: Arsenal
pecheneg
Quick Pick: Celebrities in WWE's Hall of Fame
aduchscher
A-Z Keypad Blitz II
pecheneg
Multiple Oscar Actors
pecheneg
Mystery Phrase Blitz: Oscar 'Best Actors'
pecheneg
F. Scott Fitzgerald Novels
LTH
Pick 3 Villains
ddd62291
Trending Topics
NBA
Harry Potter
Disney
Kpop
Crossword
Anime
Marvel
Soccer
The Office
Country
Puzzle
WWE
NFL
Pokémon
Song
Your Account Isn't Verified!
In order to create a playlist on Sporcle, you need to verify the email address you used during registration. Go to your
Sporcle Settings
to finish the process.
Report this User
Report this user for behavior that violates our
Community Guidelines
.
Details:
Send Report
Go to the Sporcle.com Mobile Site →
Comments